[Event "Warsaw YMCA Winter-C 181st"]
[Site "Warsaw"]
[Date "2017.03.21"]
[Round "11"]
[White "Sieczkowski, Adam"]
[Black "Fieducik, Marcin"]
[Result "0-1"]
[WhiteElo "1470"]
[BlackElo "1425"]
[PlyCount "48"]
[EventDate "2017.01.11"]
[EventType "tourn"]
[EventRounds "11"]
[EventCountry "POL"]
[SourceTitle "EXT 2019"]
[Source "ChessBase"]
[SourceDate "2018.10.10"]
[SourceVersion "1"]
[SourceVersionDate "2018.10.10"]
[SourceQuality "1"]

1. Nf3 d5 2. g3 c5 3. Bg2 Nc6 4. d4 cxd4 5. Nxd4 e6 6. 0-0 Bc5 7. Nxc6 bxc6 8. c4 Nf6 9. Nc3 0-0 10. Bg5 h6 11. Bxf6 Qxf6 12. cxd5 cxd5 13. Nxd5 exd5 14. Qxd5 Bxf2+ 15. Rxf2 Qxb2 16. Rd1 Be6 17. Qxa8 Rxa8 18. Bxa8 Qxa2 19. e4 Qb3 20. Rdd2 Bh3 21. Rd8+ Kh7 22. Re2 Qb6+ 23. Kh1 Qb1+ 24. Re1 Qxe1# 0-1

[Event "Warsaw YMCA Winter-C 181st"]
[Site "Warsaw"]
[Date "2017.02.01"]
[Round "4"]
[White "Fieducik, Marcin"]
[Black "Bartczak, Hanna"]
[Result "0-1"]
[WhiteElo "1425"]
[BlackElo "1508"]
[PlyCount "122"]
[EventDate "2017.01.11"]
[EventType "tourn"]
[EventRounds "11"]
[EventCountry "POL"]
[SourceTitle "EXT 2019"]
[Source "ChessBase"]
[SourceDate "2018.10.10"]
[SourceVersion "1"]
[SourceVersionDate "2018.10.10"]
[SourceQuality "1"]

1. d4 d6 2. c4 Nf6 3. Nc3 g6 4. Nf3 Bg7 5. e3 0-0 6. Bd3 Nc6 7. 0-0 e5 8. d5 Ne7 9. e4 Nh5 10. b4 f5 11. a4 a6 12. Ba3 f4 13. c5 h6 14. b5 Nf6 15. b6 dxc5 16. Bxc5 cxb6 17. Ba3 Nd7 18. Qb3 Kh7 19. Rfd1 Nc5 20. Qb2 Bd7 21. Rab1 Nxa4 22. Nxa4 Bxa4 23. Rdc1 Re8 24. Qxb6 Qxb6 25. Rxb6 Nxd5 26. Rxb7 Nf6 27. Rcc7 Nh5 28. g4 fxg3 29. hxg3 Reb8 30. Nxe5 Rxb7 31. Rxb7 Bb5 32. Kg2 Kg8 33. Bc4+ Bxc4 34. Nxc4 Rc8 35. Nd6 Rc6 36. Rb8+ Kh7 37. Rb7 Kg8 38. Ra7 Bd4 39. Ra8+ Kh7 40. Ne8 g5 41. Bd6 Ng7 42. Nf6+ Bxf6 43. e5 Bxe5 44. Bxe5 Kg6 45. g4 Re6 46. Bc3 Ne8 47. Ra7 h5 48. gxh5+ Kxh5 49. Kg3 Nf6 50. Ba5 Kg6 51. Rb7 Rd6 52. Bb6 Rd3+ 53. Be3 Kf5 54. Rb4 Nd5 55. Ra4 Nxe3 56. Rxa6 Nd5+ 57. Kg2 Nf4+ 58. Kg1 Rd1+ 59. Kh2 Kg4 60. Ra3 Rd3 61. Ra4 Rd2 0-1

[Event "Warsaw YMCA Winter-C 181st"]
[Site "Warsaw"]
[Date "2017.01.18"]
[Round "2"]
[White "Wangrat, Jan"]
[Black "Fieducik, Marcin"]
[Result "1-0"]
[WhiteElo "1539"]
[BlackElo "1425"]
[PlyCount "51"]
[EventDate "2017.01.11"]
[EventType "tourn"]
[EventRounds "11"]
[EventCountry "POL"]
[SourceTitle "EXT 2019"]
[Source "ChessBase"]
[SourceDate "2018.10.10"]
[SourceVersion "1"]
[SourceVersionDate "2018.10.10"]
[SourceQuality "1"]

1. e4 e5 2. Nf3 Nc6 3. d4 exd4 4. Nxd4 Bc5 5. Be3 Bb6 6. Bc4 Qf6 7. c3 Nge7 8. 0-0 d6 9. f4 Nxd4 10. cxd4 Be6 11. e5 dxe5 12. fxe5 Qg6 13. Bd3 Bf5 14. Bc4 0-0-0 15. Nc3 Nc6 16. Qf3 Nxd4 17. Bxd4 Bxd4+ 18. Kh1 Be6 19. Bd3 Qg5 20. Be4 c6 21. Rac1 Bxc3 22. Rxc3 Bd5 23. Bxd5 Qxe5 24. Bxc6 bxc6 25. Qxc6+ Kb8 26. Rb3+ 1-0

[Event "Warsaw YMCA Autumn-D 177th"]
[Site "Warsaw"]
[Date "2016.11.29"]
[Round "11"]
[White "Flig, Wojciech"]
[Black "Fieducik, Marcin"]
[Result "1-0"]
[WhiteElo "1373"]
[BlackElo "1382"]
[PlyCount "53"]
[EventDate "2016.09.19"]
[EventType "tourn"]
[EventRounds "13"]
[EventCountry "POL"]
[SourceTitle "EXT 2019"]
[Source "ChessBase"]
[SourceDate "2018.10.10"]
[SourceVersion "1"]
[SourceVersionDate "2018.10.10"]
[SourceQuality "1"]

1. e4 e5 2. Nf3 Nc6 3. Bb5 a6 4. Ba4 d6 5. 0-0 Nf6 6. Re1 Bg4 7. c3 Be7 8. d3 0-0 9. Nbd2 h6 10. Nf1 b5 11. Bc2 Nh7 12. Ne3 Bh5 13. Nf5 Ng5 14. Kh1 Bxf3 15. gxf3 Nh3 16. Kg2 Nf4+ 17. Bxf4 exf4 18. Rg1 Bg5 19. Kh1 Ne5 20. h4 Bf6 21. Nxh6+ Kh7 22. Nf5 g6 23. d4 gxf5 24. dxe5 Bxe5 25. Rg2 fxe4 26. fxe4 Rg8 27. Qh5# 1-0

[Event "Warsaw YMCA Autumn-D 177th"]
[Site "Warsaw"]
[Date "2016.11.15"]
[Round "9"]
[White "Tarka, Aleksandra"]
[Black "Fieducik, Marcin"]
[Result "1/2-1/2"]
[WhiteElo "1433"]
[BlackElo "1382"]
[PlyCount "32"]
[EventDate "2016.09.19"]
[EventType "tourn"]
[EventRounds "13"]
[EventCountry "POL"]
[SourceTitle "EXT 2019"]
[Source "ChessBase"]
[SourceDate "2018.10.10"]
[SourceVersion "1"]
[SourceVersionDate "2018.10.10"]
[SourceQuality "1"]

1. e4 e5 2. d4 exd4 3. Qxd4 Nc6 4. Qe3 d6 5. Bd2 Nf6 6. Nc3 a6 7. 0-0-0 Be6 8. f4 Be7 9. f5 Bd7 10. h3 Ne5 11. Nf3 Bc6 12. Nxe5 dxe5 13. Qg3 Bd6 14. Qxg7 Rg8 15. Qh6 Bf8 16. Qe3 Qd4 1/2-1/2

[Event "Warsaw YMCA Autumn-D 177th"]
[Site "Warsaw"]
[Date "2016.10.04"]
[Round "3"]
[White "Fieducik, Marcin"]
[Black "Sieczkowski, Adam"]
[Result "1-0"]
[WhiteElo "1382"]
[BlackElo "1478"]
[PlyCount "71"]
[EventDate "2016.09.19"]
[EventType "tourn"]
[EventRounds "13"]
[EventCountry "POL"]
[SourceTitle "EXT 2019"]
[Source "ChessBase"]
[SourceDate "2018.10.10"]
[SourceVersion "1"]
[SourceVersionDate "2018.10.10"]
[SourceQuality "1"]

1. d4 Nf6 2. c4 e5 3. d5 Bc5 4. Nc3 d6 5. e4 0-0 6. h3 Ne8 7. Bd3 f5 8. Nf3 Nf6 9. a3 a5 10. Qc2 Qe7 11. Bg5 h6 12. Bxf6 Qxf6 13. 0-0-0 f4 14. Rdf1 Bd7 15. g4 c6 16. g5 Qd8 17. gxh6 gxh6 18. Nh2 Na6 19. Qd1 Kh7 20. Ng4 Nc7 21. f3 Rb8 22. Qe2 Qe8 23. h4 h5 24. Nf2 Rg8 25. Rfg1 Rxg1+ 26. Rxg1 b5 27. dxc6 Bxc6 28. Nd5 Qf7 29. Rg5 Kh6 30. Nd1 bxc4 31. Bxc4 Nxd5 32. Qg2 Ne3 33. Nxe3 Bxe3+ 34. Kb1 Qxc4 35. Rxh5+ Kxh5 36. Qg5# 1-0

[Event "Warsaw YMCA Winter-D 166th"]
[Site "Warsaw"]
[Date "2016.01.26"]
[Round "4"]
[White "Matyszkiewicz, Wiktor"]
[Black "Fieducik, Marcin"]
[Result "1-0"]
[WhiteElo "1412"]
[BlackElo "1439"]
[PlyCount "53"]
[EventDate "2016.01.05"]
[EventType "tourn"]
[EventRounds "13"]
[EventCountry "POL"]
[SourceTitle "EXT 2019"]
[Source "ChessBase"]
[SourceDate "2018.10.10"]
[SourceVersion "1"]
[SourceVersionDate "2018.10.10"]
[SourceQuality "1"]

1. e4 e5 2. Nf3 Nc6 3. Bc4 Bc5 4. c3 Nf6 5. d4 exd4 6. e5 d5 7. exf6 dxc4 8. Qe2+ Be6 9. Ng5 Qxf6 10. Ne4 Qe7 11. Qh5 Bb6 12. Bg5 Qd7 13. Bf6 Bg4 14. Bxg7 Qe6 15. Qxg4 f5 16. Qe2 fxe4 17. Bxh8 0-0-0 18. Bxd4 Nxd4 19. cxd4 Bxd4 20. Nc3 Qg6 21. 0-0 Rg8 22. Qxe4 Qg7 23. Rad1 Be5 24. Rfe1 Bd6 25. Nb5 Bc5 26. Qe6+ Kb8 27. Qe8+ 1-0

[Event "Warsaw YMCA Winter-D 166th"]
[Site "Warsaw"]
[Date "2016.01.05"]
[Round "1"]
[White "Fieducik, Marcin"]
[Black "Matyszkiewicz, Radoslaw"]
[Result "1-0"]
[WhiteElo "1439"]
[BlackElo "1297"]
[PlyCount "83"]
[EventDate "2016.01.05"]
[EventType "tourn"]
[EventRounds "13"]
[EventCountry "POL"]
[SourceTitle "EXT 2019"]
[Source "ChessBase"]
[SourceDate "2018.10.10"]
[SourceVersion "1"]
[SourceVersionDate "2018.10.10"]
[SourceQuality "1"]

1. d4 Nf6 2. c4 g6 3. Nc3 Bg7 4. Nf3 d6 5. e4 0-0 6. Bd3 Nbd7 7. 0-0 e5 8. d5 a5 9. Ng5 Nc5 10. f4 h6 11. fxe5 dxe5 12. Nf3 Qe7 13. Be3 Ng4 14. Qd2 Nxe3 15. Qxe3 b6 16. a3 Bg4 17. Bc2 Bd7 18. b4 Nb7 19. Rab1 Nd6 20. Bd3 axb4 21. axb4 Ra3 22. Rfc1 Rc8 23. c5 Nb5 24. Bxb5 Bxb5 25. d6 Qd7 26. Qd2 Rd8 27. Nxb5 Qxb5 28. dxc7 Rf8 29. Qd8 Ra8 30. Qd6 bxc5 31. Rxc5 Qb7 32. Qc6 Qa7 33. b5 Rfc8 34. b6 Qa2 35. Rbc1 Qb2 36. b7 Ra2 37. bxc8Q+ Kh7 38. Ng5+ hxg5 39. Qh3+ Bh6 40. c8Q Qd4+ 41. Kh1 Rd2 42. Qxh6+ 1-0

[Event "Warsaw YMCA Autumn-D 144th"]
[Site "Warsaw"]
[Date "2014.12.02"]
[Round "12"]
[White "Borowski, Marek"]
[Black "Fieducik, Marcin"]
[Result "1/2-1/2"]
[WhiteElo "1596"]
[BlackElo "1357"]
[PlyCount "134"]
[EventDate "2014.09.16"]
[EventType "tourn"]
[EventRounds "13"]
[EventCountry "POL"]
[SourceTitle "EXT 2019"]
[Source "ChessBase"]
[SourceDate "2018.10.10"]
[SourceVersion "1"]
[SourceVersionDate "2018.10.10"]
[SourceQuality "1"]

1. d4 d5 2. Nf3 Nf6 3. c4 c6 4. e3 e6 5. Nc3 Bd6 6. Bd3 0-0 7. 0-0 h6 8. Re1 Nbd7 9. Bd2 Qc7 10. c5 Be7 11. b4 e5 12. dxe5 Nxe5 13. Nxe5 Qxe5 14. Ne2 Ne4 15. Bxe4 dxe4 16. Bc3 Qc7 17. Qd4 Bf6 18. Qxe4 Bxc3 19. Nxc3 Be6 20. Red1 Rae8 21. Qh4 b6 22. cxb6 axb6 23. Qg3 Qe7 24. a3 Rd8 25. Qf3 c5 26. bxc5 bxc5 27. Rxd8 Rxd8 28. h3 Rd3 29. Qa8+ Rd8 30. Qe4 Qf6 31. Rc1 Rd2 32. Qa8+ Kh7 33. Ne4 Qb2 34. Rxc5 Rd1+ 35. Kh2 f5 36. Nc3 Rd2 37. f4 Bd5 38. Qxd5 Rxd5 39. Nxd5 Qxa3 40. Rc4 Qb3 41. Rd4 Qb8 42. h4 Qb1 43. Ne7 Qe1 44. Nxf5 Kg6 45. Rd5 Kh5 46. Nxg7+ Kg4 47. Nf5 Qf2 48. Nxh6+ Kxh4 49. Nf5+ Kh5 50. Re5 Kg6 51. Ng3 Qa2 52. f5+ Kf7 53. e4 Qa8 54. Re6 Qh8+ 55. Kg1 Qh4 56. Rg6 Qf4 57. Rf6+ Ke7 58. Rg6 Kf7 59. Rf6+ Ke7 60. Re6+ Kf7 61. Nf1 Qg5 62. g3 Qg4 63. Kf2 Qd1 64. Kg2 Qc2+ 65. Kf3 Qd1+ 66. Kf2 Qc2+ 67. Kf3 Qd1+ 1/2-1/2

[Event "Warsaw YMCA Autumn-D 144th"]
[Site "Warsaw"]
[Date "2014.11.25"]
[Round "11"]
[White "Fieducik, Marcin"]
[Black "Bartczak, Hanna"]
[Result "1-0"]
[WhiteElo "1357"]
[BlackElo "1590"]
[PlyCount "79"]
[EventDate "2014.09.16"]
[EventType "tourn"]
[EventRounds "13"]
[EventCountry "POL"]
[SourceTitle "EXT 2019"]
[Source "ChessBase"]
[SourceDate "2018.10.10"]
[SourceVersion "1"]
[SourceVersionDate "2018.10.10"]
[SourceQuality "1"]

1. d4 d5 2. c4 e6 3. cxd5 exd5 4. Nc3 Nf6 5. Nf3 c6 6. e3 Bd6 7. Bd3 h6 8. h3 0-0 9. 0-0 Re8 10. Nd2 Be6 11. f4 Qc7 12. Nf3 Bc8 13. Ne5 Nbd7 14. a3 a5 15. a4 Nb8 16. b3 Na6 17. Bb2 Nb4 18. Rc1 Nxd3 19. Qxd3 Qe7 20. Kh1 Nh5 21. Rf3 Qh4 22. Ne2 Bxe5 23. dxe5 Bg4 24. Rcf1 Bxf3 25. Rxf3 g6 26. Bc3 Ng7 27. g4 Ne6 28. Kh2 h5 29. g5 Nc5 30. Qb1 Ne4 31. Be1 Nxg5 32. Bxh4 Nxf3+ 33. Kg3 Nxh4 34. Kxh4 Kg7 35. Qb2 Re6 36. Nd4 Ree8 37. Qg2 Kh7 38. Kg5 c5 39. Nb5 Rac8 40. Nd6 1-0

[Event "Milanowek-ch"]
[Site "Milanowek"]
[Date "2014.06.26"]
[Round "8"]
[White "Fieducik, Marcin"]
[Black "Szopa, Andrzej"]
[Result "1-0"]
[WhiteElo "1389"]
[BlackElo "1039"]
[PlyCount "101"]
[EventDate "2014.06.21"]
[EventType "swiss"]
[EventRounds "9"]
[EventCountry "POL"]
[SourceTitle "CBM 161 Extra"]
[Source "ChessBase"]
[SourceDate "2014.08.29"]
[SourceVersion "1"]
[SourceVersionDate "2014.08.29"]
[SourceQuality "1"]

1. d4 Nf6 2. c4 e6 3. Nc3 Bb4 4. a3 Bxc3+ 5. bxc3 h6 6. e3 0-0 7. Nf3 d6 8. Bd3 b6 9. 0-0 Bb7 10. Nd2 Nh7 11. Qc2 f5 12. f4 Rf6 13. Nf3 Rg6 14. e4 Rf6 15. exf5 Nf8 16. fxe6 Nxe6 17. f5 Nf8 18. d5 Nbd7 19. Be3 Bc8 20. Nd4 Ne5 21. Ne6 Qe7 22. Bd4 Bxe6 23. dxe6 Nh7 24. Rae1 Re8 25. Bxe5 dxe5 26. Rxe5 Qxa3 27. Rfe1 Re7 28. Rd5 Nf8 29. g4 Qa6 30. h4 g5 31. hxg5 hxg5 32. Qd2 Nh7 33. Rd7 Kf8 34. Bf1 Qa4 35. Rd1 Qc6 36. Rxe7 Qc5+ 37. Qd4 Qxe7 38. Qd8+ Qe8 39. c5 c6 40. cxb6 axb6 41. Qxb6 Kg7 42. Rd8 Rf8 43. Rxe8 Rxe8 44. Qxc6 Kf8 45. Qd7 Re7 46. Qd8+ Re8 47. Qd6+ Re7 48. Bb5 Nf6 49. Qd8+ Ne8 50. Bxe8 Rxe8 51. Qxg5 1-0

[Event "Polanica Zdroj op-D 48th"]
[Site "Polanica Zdroj"]
[Date "2012.08.22"]
[Round "5"]
[White "Wiatrowski, Damian"]
[Black "Fieducik, Marcin"]
[Result "1/2-1/2"]
[WhiteElo "1588"]
[BlackElo "1384"]
[PlyCount "52"]
[EventDate "2012.08.18"]
[EventType "swiss"]
[EventRounds "9"]
[EventCountry "POL"]
[SourceTitle "EXT 2014"]
[Source "ChessBase"]
[SourceDate "2013.11.20"]
[SourceVersion "1"]
[SourceVersionDate "2013.11.20"]
[SourceQuality "1"]

1. e4 e5 2. Nf3 d6 3. h3 a6 4. Nc3 Nf6 5. Bc4 Nc6 6. Ng5 Be6 7. Bxe6 fxe6 8. Nxe6 Qe7 9. Nd5 Nxd5 10. exd5 Nd4 11. Nxf8 Rxf8 12. 0-0 0-0-0 13. c3 Nf5 14. b4 Qd7 15. d3 h6 16. a4 g5 17. Qb3 Qf7 18. Bd2 Rg8 19. b5 a5 20. d4 g4 21. dxe5 gxh3 22. c4 hxg2 23. Rfe1 Qh5 24. f4 Qh1+ 25. Kf2 Qh4+ 26. Kg1 Qh1+ 1/2-1/2

[Event "Polanica Zdroj op-D 48th"]
[Site "Polanica Zdroj"]
[Date "2012.08.18"]
[Round "1"]
[White "Fieducik, Marcin"]
[Black "Szymanowski, Mateusz"]
[Result "0-1"]
[WhiteElo "1384"]
[BlackElo "1834"]
[PlyCount "172"]
[EventDate "2012.08.18"]
[EventType "swiss"]
[EventRounds "9"]
[EventCountry "POL"]
[SourceTitle "EXT 2014"]
[Source "ChessBase"]
[SourceDate "2013.11.20"]
[SourceVersion "1"]
[SourceVersionDate "2013.11.20"]
[SourceQuality "1"]

1. e4 c5 2. Nc3 Nc6 3. Bb5 g6 4. Bxc6 bxc6 5. Nf3 Bg7 6. 0-0 d5 7. h3 e6 8. e5 Ne7 9. Na4 Qa5 10. b3 c4 11. Ba3 Ba6 12. Re1 Bb5 13. Bxe7 Kxe7 14. Nc3 Rhd8 15. Nd4 Qb6 16. Ncxb5 cxb5 17. c3 a6 18. Qg4 Kf8 19. Qf4 Kg8 20. Rab1 Qc7 21. b4 Rab8 22. Ra1 Rf8 23. Nf3 Rb6 24. Qg3 Rbb8 25. a4 Rfd8 26. axb5 axb5 27. Nd4 Rb7 28. Ra5 Rdb8 29. Nf3 Ra7 30. Rea1 Rba8 31. Rxa7 Rxa7 32. Rxa7 Qxa7 33. Qf4 Qa1+ 34. Kh2 Qb1 35. Ng5 Qf5 36. Qxf5 gxf5 37. f4 Bh6 38. h4 Kg7 39. Nh3 f6 40. exf6+ Kxf6 41. g3 e5 42. Kg2 Ke6 43. Kf3 d4 44. Ng1 Kd5 45. Ke2 exf4 46. gxf4 Bxf4 47. cxd4 Kxd4 48. Nf3+ Ke4 49. Ne1 Bg3 50. Nf3 h6 51. h5 Bd6 52. Ne1 Bxb4 53. Nc2 Bc5 54. Ne1 Bb4 55. d3+ Kf4 56. Ng2+ Ke5 57. dxc4 bxc4 58. Ne3 c3 59. Kd3 Bc5 60. Nc4+ Kf4 61. Kxc3 Kg3 62. Kd3 Kg4 63. Ke2 Kxh5 64. Kf3 Kg5 65. Kg3 h5 66. Kh3 f4 67. Nd2 Be7 68. Nf3+ Kf5 69. Nh2 Ke4 70. Kg2 Bc5 71. Nf3 Ke3 72. Nh2 Ke2 73. Nf3 Bf2 74. Nh2 Bc5 75. Nf3 Bb6 76. Nh2 h4 77. Ng4 Bd8 78. Nh2 Be7 79. Kh3 Kf2 80. Ng4+ Kf1 81. Nh2+ Ke2 82. Kg2 Bd8 83. Ng4 f3+ 84. Kh3 Bg5 85. Kh2 Bf4+ 86. Kh3 Bg3 0-1

[Event "Warsaw-ch opB 65th"]
[Site "Warsaw"]
[Date "2012.05.29"]
[Round "4"]
[White "Wilczynski, Adam"]
[Black "Fieducik, Marcin"]
[Result "1-0"]
[WhiteElo "1668"]
[BlackElo "1380"]
[PlyCount "120"]
[EventDate "2012.05.26"]
[EventType "swiss"]
[EventRounds "9"]
[EventCountry "POL"]
[SourceTitle "EXT 2014"]
[Source "ChessBase"]
[SourceDate "2013.11.20"]
[SourceVersion "1"]
[SourceVersionDate "2013.11.20"]
[SourceQuality "1"]

1. c4 e5 2. g3 d6 3. Bg2 Nf6 4. Nc3 c6 5. d4 exd4 6. Qxd4 h6 7. e4 Be7 8. Nge2 Qb6 9. Qd3 0-0 10. 0-0 Nbd7 11. b3 Ne5 12. Qc2 Bg4 13. Be3 Qc7 14. f3 Bh5 15. h3 a6 16. g4 Bg6 17. f4 Ned7 18. a4 Rfd8 19. Rac1 Nc5 20. f5 Bh7 21. b4 Ncd7 22. Rfd1 Ne5 23. Qb3 c5 24. bxc5 dxc5 25. Nd5 Nxd5 26. Rxd5 Rxd5 27. exd5 Bd6 28. Nf4 Re8 29. Nh5 f6 30. Bxh6 gxh6 31. Nxf6+ Kf8 32. Nxe8 Kxe8 33. Qe3 Qg7 34. Rb1 Kd8 35. Qb3 Kc8 36. a5 h5 37. f6 Qc7 38. Rf1 hxg4 39. hxg4 Bg6 40. g5 Kb8 41. f7 Nxf7 42. Rf6 Ne5 43. Qb6 Nxc4 44. Qxc7+ Kxc7 45. Rxg6 Nxa5 46. Re6 Bf8 47. g6 c4 48. Rf6 Bh6 49. Rf7+ Kb6 50. d6 Nc6 51. Rh7 Be3+ 52. Kh2 Bd4 53. g7 Bxg7 54. Rxg7 c3 55. Be4 a5 56. Rg3 Nd8 57. Rxc3 Ka7 58. Rc8 Nc6 59. Bxc6 bxc6 60. d7 c5 1-0

[Event "Warsaw-ch opB 65th"]
[Site "Warsaw"]
[Date "2012.05.26"]
[Round "1"]
[White "Fieducik, Marcin"]
[Black "Cyra, Dariusz"]
[Result "0-1"]
[WhiteElo "1380"]
[BlackElo "1819"]
[PlyCount "72"]
[EventDate "2012.05.26"]
[EventType "swiss"]
[EventRounds "9"]
[EventCountry "POL"]
[SourceTitle "EXT 2014"]
[Source "ChessBase"]
[SourceDate "2013.11.20"]
[SourceVersion "1"]
[SourceVersionDate "2013.11.20"]
[SourceQuality "1"]

1. e4 e6 2. Nf3 d5 3. exd5 exd5 4. Nc3 Be6 5. h3 Nf6 6. Bb5+ c6 7. Ba4 Nbd7 8. 0-0 Bb4 9. a3 Bxc3 10. dxc3 h6 11. Nd4 0-0 12. Nxe6 fxe6 13. Be3 e5 14. b4 Ne4 15. Qd3 Ndf6 16. Rad1 a5 17. Bb3 a4 18. Ba2 b5 19. Bc1 Nd6 20. Qg3 Qe7 21. f3 Rae8 22. Bxh6 Nf5 23. Qh2 gxh6 24. Rfe1 Qa7+ 25. Kh1 Qf2 26. Qg1 Qxg1+ 27. Kxg1 e4 28. fxe4 Rxe4 29. Rxe4 Nxe4 30. Rf1 Nfg3 31. Rd1 Rf2 32. Bb1 Ne2+ 33. Kh2 N2xc3 34. Kg1 Kg7 35. h4 Re2 36. Rf1 Nd2 0-1